[Event "RUS-chT U18"]
[Site "Sochi"]
[Date "2007.05.07"]
[Round "?"]
[White "Nozdrachev, Vladislav"]
[Black "Pocenjuk, A."]
[Result "1-0"]
[WhiteElo "2257"]
[BlackElo "2091"]
[PlyCount "71"]
[EventDate "2007.05.02"]
[EventType "team"]
[EventRounds "9"]
[EventCountry "RUS"]
[SourceTitle "CBM 118 Extra"]
[Source "ChessBase"]
[SourceDate "2007.07.04"]
[SourceVersion "1"]
[SourceVersionDate "2007.07.04"]
[SourceQuality "1"]

1. e4 c5 2. Nf3 e6 3. d4 cxd4 4. Nxd4 a6 5. c4 Nf6 6. Nc3 Qc7 7. Be2 Bb4 8. Nc2 Bxc3+ 9. bxc3 Nxe4 10. Qd4 Nf6 11. Bf4 Qa5 12. Bd6 Nc6 13. Qe3 Ne7 14. Nd4 Qd8 15. Bd3 0-0 16. Qg3 h6 17. Qh4 Re8 18. 0-0 Qa5 19. Rae1 Ng6 20. Qg3 Nh5 21. Qf3 Nf6 22. Bb1 Qh5 23. Qxh5 Nxh5 24. f4 Nf6 25. f5 Ne7 26. c5 Ned5 27. c4 Nc3 28. Re3 Nxb1 29. Rxb1 g6 30. fxg6 fxg6 31. Rf1 Nh5 32. g4 Ng7 33. Ref3 b5 34. Rf8+ Rxf8 35. Rxf8+ Kh7 36. Be5 1-0

[Event "RUS-chT U18"]
[Site "Sochi"]
[Date "2007.05.06"]
[Round "?"]
[White "Pocenjuk, A."]
[Black "Stukopin, Andrey"]
[Result "1/2-1/2"]
[WhiteElo "2091"]
[BlackElo "2307"]
[PlyCount "66"]
[EventDate "2007.05.02"]
[EventType "team"]
[EventRounds "9"]
[EventCountry "RUS"]
[SourceTitle "CBM 118 Extra"]
[Source "ChessBase"]
[SourceDate "2007.07.04"]
[SourceVersion "1"]
[SourceVersionDate "2007.07.04"]
[SourceQuality "1"]

1. e4 c5 2. Nf3 e6 3. d4 cxd4 4. Nxd4 a6 5. Bd3 Qc7 6. 0-0 Nf6 7. c4 Nc6 8. Be3 Ne5 9. h3 Bc5 10. Nc3 d6 11. Be2 0-0 12. a3 Bd7 13. b4 Ba7 14. Rc1 Rfd8 15. Qd2 Rac8 16. f4 Ng6 17. Kh1 e5 18. Nc2 Bxe3 19. Nxe3 Nxf4 20. Rxf4 exf4 21. Ned5 Qb8 22. Nxf6+ gxf6 23. Nd5 Be6 24. Nxf6+ Kf8 25. Qxf4 d5 26. Qh6+ Ke7 27. Qh4 dxc4 28. Nd5+ Kf8 29. Qe7+ Kg8 30. Qg5+ Kf8 31. Nf6 Rd4 32. Nxh7+ Ke8 33. Nf6+ Kf8 1/2-1/2

[Event "RUS-chT U18"]
[Site "Sochi"]
[Date "2007.05.02"]
[Round "1"]
[White "Pocenjuk, A."]
[Black "Chaban, Alexander"]
[Result "1/2-1/2"]
[WhiteElo "2091"]
[BlackElo "2068"]
[PlyCount "59"]
[EventDate "2007.05.02"]
[EventType "team"]
[EventRounds "9"]
[EventCountry "RUS"]
[SourceTitle "CBM 118 Extra"]
[Source "ChessBase"]
[SourceDate "2007.07.04"]
[SourceVersion "1"]
[SourceVersionDate "2007.07.04"]
[SourceQuality "1"]

1. e4 c5 2. Nf3 Nc6 3. d4 cxd4 4. Nxd4 Nf6 5. Nc3 e5 6. Ndb5 d6 7. Bg5 a6 8. Na3 b5 9. Nd5 Be7 10. Nxe7 Qxe7 11. Bd3 Be6 12. 0-0 Rd8 13. c3 0-0 14. Qf3 h6 15. Bxf6 Qxf6 16. Qxf6 gxf6 17. Nc2 d5 18. exd5 Bxd5 19. Bf5 Ne7 20. Ne3 Nxf5 21. Nxf5 Kh7 22. Ne3 Be6 23. Rfd1 f5 24. g3 f4 25. Ng2 fxg3 26. hxg3 Bg4 27. Re1 f6 28. Re4 Bf3 29. Re3 Bxg2 30. Kxg2 1/2-1/2